Obščestvennyje fondy potreblenija proizvodstvennych kollektivov

Salvato in:
Dettagli Bibliografici
Autore principale: Bus'ko, Vitalij Nikolajevič
Natura: Libro
Lingua:russo
Pubblicazione: Minsk Nauka i technika 1984
Tags: Aggiungi Tag
Nessun Tag, puoi essere il primo ad aggiungerne!!

MARC

LEADER 00000nam a2200000 4500
001 c106172
005 20041019155136.4
041 0 |a rus 
044 |a BY 
245 1 0 |a Obščestvennyje fondy potreblenija proizvodstvennych kollektivov  |c Vitalij Nikolajevič Bus'ko 
264 1 |a Minsk  |b Nauka i technika  |c 1984 
300 |a 72 s. 
100 1 |a Bus'ko, Vitalij Nikolajevič